<El> Estado de Bienestar en crisis : (Record no. 816)
[ view plain ]
| 000 -LEADER | |
|---|---|
| campo de control de longitud fija | 01134nam a2200349Ia 4500 |
| 001 - NÚMERO DE CONTROL | |
| campo de control | 004299 |
| 008 - DATOS DE LONGITUD FIJA--INFORMACIÓN GENERAL | |
| campo de control de longitud fija | 221003s1992 xx 000 0 spa d |
| 020 ## - NÚMERO INTERNACIONAL ESTÁNDAR DEL LIBRO | |
| Número Internacional Estándar del Libro | 84-7434-739-4 |
| 035 ## - NÚMERO DE CONTROL DEL SISTEMA | |
| Número de control de sistema | CENDO_817 |
| 041 ## - CÓDIGO DE IDIOMA | |
| Código de lengua del texto/banda sonora o título independiente | spa |
| 084 ## - OTRO NÚMERO DE CLASIFICACIÓN | |
| Número de clasificación | CD-00498 |
| 100 ## - ENTRADA PRINCIPAL--NOMBRE DE PERSONA | |
| Nombre de persona | MISHRA, Ramesh |
| 9 (RLIN) | 1709 |
| 245 #0 - MENCIÓN DEL TÍTULO | |
| Título | <El> Estado de Bienestar en crisis : |
| Resto del título | pensamiento y cambio social / |
| Mención de responsabilidad, etc. | Ramesh Mishra |
| 260 ## - PUBLICACIÓN, DISTRIBUCIÓN, ETC. | |
| Lugar de publicación, distribución, etc. | Madrid : |
| Nombre del editor, distribuidor, etc. | Centro de Publicaciones, Ministerio de Trabajo y Seguridad Social, |
| Fecha de publicación, distribución, etc. | 1992 |
| 300 ## - DESCRIPCIÓN FÍSICA | |
| Extensión | 277 p. ; |
| Dimensiones | 20 cm |
| 490 ## - MENCIÓN DE SERIE | |
| Mención de serie | Ediciones de la Revista de Trabajo ; |
| Designación de volumen o secuencia | 33 |
| 500 ## - NOTA GENERAL | |
| Nota general | Bibliogr. : p. 261-270.- Indices |
| 650 ## - PUNTO DE ACCESO ADICIONAL DE MATERIA--TÉRMINO DE MATERIA | |
| Término de materia o nombre geográfico como elemento de entrada | FILOSOFIA DEL BIENESTAR |
| 9 (RLIN) | 1710 |
| 650 #0 - PUNTO DE ACCESO ADICIONAL DE MATERIA--TÉRMINO DE MATERIA | |
| Término de materia o nombre geográfico como elemento de entrada | PROTECCION SOCIAL |
| 9 (RLIN) | 62 |
| 650 ## - PUNTO DE ACCESO ADICIONAL DE MATERIA--TÉRMINO DE MATERIA | |
| Término de materia o nombre geográfico como elemento de entrada | CAMBIO SOCIAL |
| 9 (RLIN) | 657 |
| 650 ## - PUNTO DE ACCESO ADICIONAL DE MATERIA--TÉRMINO DE MATERIA | |
| Término de materia o nombre geográfico como elemento de entrada | IDEOLOGIA POLITICA |
| 9 (RLIN) | 1711 |
| 650 ## - PUNTO DE ACCESO ADICIONAL DE MATERIA--TÉRMINO DE MATERIA | |
| Término de materia o nombre geográfico como elemento de entrada | ESTADO-BENEFACTOR |
| 9 (RLIN) | 366 |
| 700 ## - ENTRADA AGREGADA--NOMBRE PERSONAL | |
| Nombre de persona | MUÑOZ DE BUSTILLO LLORENTE, Rafael, |
| Término indicativo de función/relación | coord. |
| 9 (RLIN) | 1712 |
| 710 ## - ENTRADA AGREGADA--NOMBRE DE ENTIDAD CORPORATIVA | |
| Nombre de entidad corporativa o nombre de jurisdicción como elemento de entrada | ESPAÑA |
| Unidad subordinada | Ministerio de Trabajo y Seguridad Social |
| -- | Centro de Publicaciones |
| 9 (RLIN) | 582 |
| 901 ## - ELEMENTOS DE DATOS A LOCAL LDA (RLIN) | |
| a | 1 |
| 903 ## - ELEMENTOS DE DATOS C LOCAL, LDC (RLIN) | |
| a | NO |
| 904 ## - ELEMENTOS DE DATOS D LOCAL, LDD (RLIN) | |
| a | 000 |
| 953 ## - | |
| -- | 1996-09-16 |
| -- | MONOGRAFIA |
| -- | CD-00498 |
| 910 ## - DATOS DE OPCIÓN DEL USUARIO (OCLC) | |
| Datos de opción del usuario | 1992 |
| 942 ## - ELEMENTOS DE ENTRADA SECUNDARIOS (KOHA) | |
| Tipo de ítem Koha | Monografía |
| Estatus retirado | Estado de pérdida | Estado de daño | No para préstamo | Biblioteca de origen | Biblioteca actual | Fecha de adquisición | Total de préstamos | Signatura topográfica completa | Código de barras | Visto por última vez | Precio de reemplazo | Tipo de ítem Koha |
|---|---|---|---|---|---|---|---|---|---|---|---|---|
| CENDO | CENDO | 16/09/1996 | CD-00498 | CENDO_817 | 05/10/2022 | 05/10/2022 | Monografía |